| 000 | 00392cam a22001217a 4500 | ||
|---|---|---|---|
| 008 | 180718b1974 xxu||||| |||| 00| 0 eng d | ||
| 082 | _aT1 B73e | ||
| 100 | _aBrahmananda, P.R. | ||
| 245 |
_aExplorations in the new classical theory of political economy: a connected critique of economic theory _cby P.R. Brahmananda |
||
| 260 |
_aBombay _bAllied _c1974 |
||
| 300 | _a812p. | ||
| 650 | _aEconomics | ||
| 999 |
_c342635 _d342635 |
||